Katzung's basic & clinical pharmacology / (Record no. 136959)
[ view plain ]
| 000 -LEADER | |
|---|---|
| fixed length control field | 00480nam a22001817a 4500 |
| 005 - DATE AND TIME OF LATEST TRANSACTION | |
| control field | 20250221104208.0 |
| 008 - FIXED-LENGTH DATA ELEMENTS--GENERAL INFORMATION | |
| fixed length control field | 250221b |||||||| |||| 00| 0 eng d |
| 020 ## - INTERNATIONAL STANDARD BOOK NUMBER | |
| International Standard Book Number | 9781265980573 |
| 040 ## - CATALOGING SOURCE | |
| Transcribing agency | PK-LaUMT |
| 082 ## - DEWEY DECIMAL CLASSIFICATION NUMBER | |
| Classification number | 615.1 |
| Item number | KAT- |
| 245 ## - TITLE STATEMENT | |
| Title | Katzung's basic & clinical pharmacology / |
| Statement of responsibility, etc | edited by Todd W. Vanderah |
| 250 ## - EDITION STATEMENT | |
| Edition statement | 16th ed. |
| 260 ## - PUBLICATION, DISTRIBUTION, ETC. (IMPRINT) | |
| Place of publication, distribution, etc | New York : |
| Name of publisher, distributor, etc | McGraw-Hill, |
| Date of publication, distribution, etc | 2024 |
| 300 ## - PHYSICAL DESCRIPTION | |
| Extent | 1347 p. |
| 650 ## - SUBJECT ADDED ENTRY--TOPICAL TERM | |
| Topical term or geographic name as entry element | Pharmacology |
| 650 ## - SUBJECT ADDED ENTRY--TOPICAL TERM | |
| Topical term or geographic name as entry element | Drugs |
| 942 ## - ADDED ENTRY ELEMENTS (KOHA) | |
| Koha item type | Books |
| Withdrawn status | Lost status | Damaged status | Home library | Current library | Date acquired | Full call number | Barcode | Date last seen | Price effective from | Koha item type | Copy number |
|---|---|---|---|---|---|---|---|---|---|---|---|
| UMT Health Sciences Campus | UMT Health Sciences Campus | 2025-02-21 | 615.1 KAT- | 148874 | 2026-05-13 | 2025-02-21 | Books | ||||
| UMT Health Sciences Campus | UMT Health Sciences Campus | 2025-02-21 | 615.1 KAT- | 148875 | 2025-06-17 | 2025-02-21 | Books | C.2 | |||
| UMT Health Sciences Campus | UMT Health Sciences Campus | 2025-02-21 | 615.1 KAT- | 148876 | 2025-05-24 | 2025-02-21 | Books | C.3 | |||
| UMT Health Sciences Campus | UMT Health Sciences Campus | 2025-02-21 | 615.1 KAT- | 148877 | 2026-05-18 | 2025-02-21 | Books | C.4 |
